Projektování interaktivních systémů

Na minha lista:
Detalhes bibliográficos
Autor principal: Voříšek, Jiří
Autor Corporativo: Vysoká škola ekonomická v Praze. Fakulta řízení
Outros Autores: Štěrba, Milan, Šmejkal, Ivo
Formato: Livro
Idioma:tcheco
Publicado em: Praha Státní pedagogické nakladatelství 1984
Tags: Adicionar Tag
Sem tags, seja o primeiro a adicionar uma tag!

MARC

LEADER 00000nam a2200000 4500
001 c107114
005 20190425092542.1
041 0 |a cze 
044 |a CZ 
245 1 0 |a Projektování interaktivních systémů  |c Jiří Voříšek, Milan Štěrba, Ivo Šmejkal 
264 1 |a Praha  |b Státní pedagogické nakladatelství  |c 1984 
300 |a 192 s. 
100 1 |a Voříšek, Jiří 
700 1 |a Štěrba, Milan 
700 1 |a Šmejkal, Ivo 
710 2 |a Vysoká škola ekonomická v Praze. Fakulta řízení